Loading...
Hindi kriya-kosh /
| Main Author: | |
|---|---|
| Format: | Printed Book |
| Language: | Hindi |
| Published: |
Allahabad :
Lokbharati Prakashan ,
1997.
|
| LEADER | 00495nam a2200145Ia 4500 | ||
|---|---|---|---|
| 008 | 150624b xxu||||| |||| 00| | hin d | ||
| 082 | |a 463 | ||
| 100 | |a Nespital, Helmut | ||
| 245 | |c Helmut Nespital |a Hindi kriya-kosh / | ||
| 260 | |a Allahabad : |b Lokbharati Prakashan , |c 1997. | ||
| 300 | |a 1165 p. | ||
| 546 | |a In Hindi. | ||
| 942 | |c REF | ||
| 999 | |c 92875 |d 92875 | ||
| 952 | |0 0 |1 0 |4 0 |6 463_000000000000000_NES_H |7 0 |9 92817 |a UL |b UL |c REF |d 2000-07-07 |e JPN |l 0 |o 463 NES/H |p 74070 |r 2012-10-27 |v 1100.00 |w 2012-10-27 |y REF | ||